| 000 | 00719cam a22003014a 4500 | ||
|---|---|---|---|
| 001 | UByD003358 | ||
| 003 | AR-LpoUNG | ||
| 005 | 20241114102615.0 | ||
| 007 | ta | ||
| 008 | 211001s2019 ag gr 000 f spa | ||
| 015 | _aAR-2019 | ||
| 020 | _a9789876704816 | ||
| 040 |
_aAR-BaBN _bspa _cAR-BaBN _eaacr _dAR-LpoUNG |
||
| 041 | 0 | _aspa | |
| 044 |
_aag _car-c |
||
| 080 | 1 |
_a821.134.2(82)-31 _22016 |
|
| 082 | 0 | _aA863 712mal | |
| 100 | 1 | _aSosa Villada, Camila | |
| 245 | 1 | 4 | _aLas malas |
| 250 | _a1ra. ed. | ||
| 260 |
_aBuenos Aires : _bTusquets, _c2019. |
||
| 300 | _a220 p. | ||
| 650 | 4 | _aLITERATURA | |
| 650 | 4 | _aNARRATIVA | |
| 650 | 4 | _aNOVELAS | |
| 650 | 4 | _aLITERATURA ARGENTINA | |
| 942 |
_2ddc _cLIB |
||
| 999 |
_c66034 _d66034 |
||